Missing Word: '90s Music Quiz Stats

 Plays Quiz Updated Nov 5, 2012

Support Sporcle.
Go Orange.
Score 0/48 Timer 04:00
1 Play Today
% Correct
Teen
95.1%
That
88.7%
Life
88.2%
Nirvana
85.1%
Heart
81.7%
Woman
80.5%
Christmas
79.8%
Backstreet Boys
75.1%
Come
74.4%
One
73.8%
Games
73.7%
Shania Twain
68.2%
Mariah Carey
64.8%
Take
64.5%
Impress
62.7%
Moment
62.3%
Baby
60.4%
World
51.1%
Bridge
49%
Red Hot Chili Peppers
47.8%
Meaning
45.4%
Scar
45.2%
There
42.8%
Used
41%
% Correct
Way
38.3%
Away
38.1%
Radiohead
37.8%
Police
37.7%
Give
36.9%
Lover
35.4%
Say
34.8%
Home
34.7%
Story
34%
Paranoid
33.6%
Dry
33%
Madonna
29.4%
Crash
26.7%
Dave Matthews Band
26.6%
Trees
24.4%
Marching
22.4%
Sweet
20.6%
Lung
18.2%
Squeeze
18.1%
Much
17.4%
Hot
16.4%
Billies
11%
See
9.8%
Power
6%

Today's Daily Dose

Word Ladder
ING Words

Get the Picture
Nearest Volcano

From the Vault

4-Letter 'T' Words with Double Letters

by teedslaststand

So really, we're only concerned with three letters, since one is used twice.
Remove Ads.
Support Sporcle.
Get the best of Sporcle when you Go Orange. This ad-free experience offers more features, more stats, and more fun while also helping to support Sporcle. Thank you for becoming a member.

Show Comments

Extras

Top Quizzes Today


Score Distribution

Your Account Isn't Verified!

In order to create a playlist on Sporcle, you need to verify the email address you used during registration. Go to your Sporcle Settings to finish the process.

Report this User

Report this user for behavior that violates our Community Guidelines.

Details: